000 00603nam a22002057a 4500
999 _c5669
_d5669
003 AR-CdUCM
008 190313b ||||| |||| 00| 0 spa d
040 _aMUNICIPALIDAD PROVINCIAL DEL CUSCO
_cBIBLIOTECA MUNICIPAL DEL CUSCO
082 _a869.56 /
_bG62
100 _aGómez, Livio
_914653
245 _aEl día incorporado /
260 _aLima :
_bTaller de Artes gráficas Icaro,
_c1962.
300 _c14 cm.
440 _aColección el Timonel
_916912
500 _aDonación familia Nieto
650 _aPoesías peruanas
_91481
650 _aSiglo XX
_98
942 _2ddc
_cLIBROS
945 _aafb